00663nam a2200241 a 4500001001300000003000900013005001700022008004100039020000800080082001300088100002000101245004300121260003700164300000900201500003500210505001300245650002200258700002000280902000800300942000700308952009100315999001500406nice12345678IN_TiNIC20260116011534.0050524s1911 lona grp 000 0 eng  ac000a201bCOS aCostain, Alfred aLife of Dr.Arthur Jackson of Manchuria aLondonbHodder & Stoughtonc1911 a187p aincludes index and biblioraphy2 aIll, App aManchuria Mission1 aCostain, Alfred bSRS cBK 00104070aHMIbHMId2005-05-24g0.00l0o201 COSp3972r2005-05-24w2026-01-16yARB c2441d2441